000 00343nam a2200145Ia 4500
003 OSt
005 20240301105229.0
008 170524s9999 xx 000 0 und d
020 _a978-8179651070
040 _ciimtu meerut
100 _aHARI MOHAN
245 0 _aADHUNIK JANSANCHAR AUR HINDI
260 _bN DELHI TAKSHSHILA
942 _2ddc
_c02
999 _c9267
_d9267